[Event "South Island Championships 2023"]
[Site "Oamaru, New Zealand"]
[Date "2023.09.27"]
[Round "2.2"]
[White "Ong, Rommel"]
[Black "McNabb, Matthew D"]
[Result "1/2-1/2"]
[TimeControl "90 + 30"]
[WhiteFideId "5259630"]
[BlackFideId "4300823"]
[WhiteElo "1852"]
[BlackElo "2236"]

1. e4 {[%clk 01:30:57]} {[%emt 00:00:03]} c5 {[%clk 01:30:58]} {[%emt
00:00:03]} 2. Nf3 {[%clk 01:31:21]} {[%emt 00:00:06]} d6 {[%clk 01:31:25]}
{[%emt 00:00:03]} 3. d4 {[%clk 01:31:31]} {[%emt 00:00:19]} cxd4 {[%clk
01:31:53]} {[%emt 00:00:03]} 4. Nxd4 {[%clk 01:31:58]} {[%emt 00:00:04]} Nf6
{[%clk 01:32:19]} {[%emt 00:00:03]} 5. Nc3 {[%clk 01:32:22]} {[%emt 00:00:05]}
a6 {[%clk 01:32:48]} {[%emt 00:00:02]} 6. Bg5 {[%clk 01:31:27]} {[%emt
00:01:24]} Nbd7 {[%clk 01:33:12]} {[%emt 00:00:06]} 7. Bc4 {[%clk 01:25:12]}
{[%emt 00:06:45]} b5 {[%clk 01:25:45]} {[%emt 00:07:58]} 8. Bb3 {[%clk
01:10:17]} {[%emt 00:15:26]} Bb7 {[%clk 01:25:23]} {[%emt 00:00:51]} 9. f3
{[%clk 01:03:02]} {[%emt 00:07:44]} Rc8 {[%clk 01:23:40]} {[%emt 00:02:13]} 10.
a4 {[%clk 00:58:52]} {[%emt 00:04:41]} b4 {[%clk 01:21:59]} {[%emt 00:02:11]}
11. Nd5 {[%clk 00:58:45]} {[%emt 00:00:37]} a5 {[%clk 01:13:23]} {[%emt
00:09:06]} 12. O-O {[%clk 00:57:59]} {[%emt 00:01:15]} Nc5 {[%clk 01:08:58]}
{[%emt 00:04:56]} 13. Bc4 {[%clk 00:55:50]} {[%emt 00:02:39]} Nfd7 {[%clk
00:57:01]} {[%emt 00:12:26]} 14. Bb5 {[%clk 00:54:04]} {[%emt 00:02:17]} Ne6
{[%clk 00:52:49]} {[%emt 00:04:43]} 15. Be3 {[%clk 00:50:31]} {[%emt 00:04:02]}
Nxd4 {[%clk 00:52:44]} {[%emt 00:00:36]} 16. Bxd4 {[%clk 00:49:07]} {[%emt
00:01:53]} Bc6 {[%clk 00:52:41]} {[%emt 00:00:33]} 17. Qe2 {[%clk 00:48:00]}
{[%emt 00:01:37]} e6 {[%clk 00:38:42]} {[%emt 00:14:29]} 18. Bxc6 {[%clk
00:48:18]} {[%emt 00:00:12]} Rxc6 {[%clk 00:39:00]} {[%emt 00:00:12]} 19. Bf2
{[%clk 00:48:08]} {[%emt 00:00:40]} Rc8 {[%clk 00:36:55]} {[%emt 00:02:35]} 20.
Ne3 {[%clk 00:46:47]} {[%emt 00:01:51]} Be7 {[%clk 00:37:07]} {[%emt 00:00:18]}
21. Rad1 {[%clk 00:47:01]} {[%emt 00:00:16]} O-O {[%clk 00:35:57]} {[%emt
00:01:41]} 22. Nc4 {[%clk 00:46:27]} {[%emt 00:01:03]} Rc6 {[%clk 00:35:51]}
{[%emt 00:00:36]} 23. b3 {[%clk 00:46:43]} {[%emt 00:00:15]} Qc7 {[%clk
00:31:01]} {[%emt 00:05:20]} 24. Bg3 {[%clk 00:46:46]} {[%emt 00:00:26]} Nc5
{[%clk 00:22:05]} {[%emt 00:09:26]} 25. Ne3 {[%clk 00:42:18]} {[%emt 00:04:59]}
Rd8 {[%clk 00:21:38]} {[%emt 00:00:56]} 26. Rd4 {[%clk 00:41:21]} {[%emt
00:01:26]} Bf6 {[%clk 00:21:06]} {[%emt 00:01:03]} 27. Rc4 {[%clk 00:41:46]}
{[%emt 00:00:05]} Nb7 {[%clk 00:11:59]} {[%emt 00:09:38]} 28. Rd1 {[%clk
00:41:22]} {[%emt 00:00:54]} Rxc4 {[%clk 00:09:52]} {[%emt 00:02:37]} 29. Nxc4
{[%clk 00:41:38]} {[%emt 00:00:13]} Be7 {[%clk 00:08:07]} {[%emt 00:02:16]} 30.
Ne3 {[%clk 00:36:47]} {[%emt 00:05:21]} Qc6 {[%clk 00:08:14]} {[%emt 00:00:22]}
31. h3 {[%clk 00:33:20]} {[%emt 00:03:57]} Kf8 {[%clk 00:06:26]} {[%emt
00:02:18]} 32. Qd2 {[%clk 00:32:49]} {[%emt 00:01:01]} h6 {[%clk 00:06:20]}
{[%emt 00:00:36]} 33. Nc4 {[%clk 00:32:32]} {[%emt 00:00:46]} d5 {[%clk
00:03:35]} {[%emt 00:03:16]} 34. Ne5 {[%clk 00:32:43]} {[%emt 00:00:18]} Qb6+
{[%clk 00:03:44]} {[%emt 00:00:22]} 35. Kh2 {[%clk 00:30:53]} {[%emt 00:02:20]}
Bg5 {[%clk 00:02:51]} {[%emt 00:01:23]} 36. f4 {[%clk 00:29:30]} {[%emt
00:01:53]} Bf6 {[%clk 00:03:14]} {[%emt 00:00:07]} 37. exd5 {[%clk 00:29:23]}
{[%emt 00:00:38]} Bxe5 {[%clk 00:03:16]} {[%emt 00:00:27]} 38. fxe5 {[%clk
00:29:51]} {[%emt 00:00:02]} Rxd5 {[%clk 00:03:39]} {[%emt 00:00:07]} 39. Qe2
{[%clk 00:29:56]} {[%emt 00:00:25]} Qd8 {[%clk 00:03:41]} {[%emt 00:00:28]} 40.
Rxd5 {[%clk 00:30:08]} {[%emt 00:00:18]} Qxd5 {[%clk 00:04:09]} {[%emt
00:00:02]} 41. Qa6 {[%clk 00:30:31]} {[%emt 00:00:07]} Kg8 {[%clk 00:04:32]}
{[%emt 00:00:07]} 42. Qa8+ {[%clk 00:30:44]} {[%emt 00:00:18]} Kh7 {[%clk
00:04:52]} {[%emt 00:00:10]} 43. Qe8 {[%clk 00:29:32]} {[%emt 00:01:41]} Kg6
{[%clk 00:05:00]} {[%emt 00:00:22]} 44. h4 {[%clk 00:29:53]} {[%emt 00:00:09]}
h5 {[%clk 00:05:24]} {[%emt 00:00:06]} 45. Qe7 {[%clk 00:30:15]} {[%emt
00:00:09]} Nc5 {[%clk 00:04:33]} {[%emt 00:01:21]} 46. Qg5+ {[%clk 00:30:29]}
{[%emt 00:00:16]} Kh7 {[%clk 00:05:01]} {[%emt 00:00:02]} 47. Qxh5+ {[%clk
00:30:37]} {[%emt 00:00:22]} Kg8 {[%clk 00:05:30]} 48. Qg4 {[%clk 00:25:08]}
{[%emt 00:05:57]} Qd2 {[%clk 00:05:55]} {[%emt 00:00:06]} 49. Qc4 {[%clk
00:25:15]} {[%emt 00:00:23]} Qe3 {[%clk 00:05:41]} {[%emt 00:00:44]} 50. Qf4
{[%clk 00:24:03]} {[%emt 00:01:42]} Qc3 {[%clk 00:05:46]} {[%emt 00:00:25]} 51.
Qf3 {[%clk 00:19:18]} {[%emt 00:05:15]} Qxc2 {[%clk 00:05:56]} {[%emt
00:00:20]} 52. Qa8+ {[%clk 00:19:36]} {[%emt 00:00:12]} Kh7 {[%clk 00:06:20]}
{[%emt 00:00:07]} 53. Qxa5 {[%clk 00:20:00]} {[%emt 00:00:05]} Nd3 {[%clk
00:05:49]} {[%emt 00:01:01]} 54. Qb5 {[%clk 00:19:50]} {[%emt 00:00:40]} Qxb3
{[%clk 00:06:08]} {[%emt 00:00:12]} 55. a5 {[%clk 00:20:15]} {[%emt 00:00:05]}
Qd5 {[%clk 00:01:45]} {[%emt 00:04:53]} 56. Qxd5 {[%clk 00:19:26]} {[%emt
00:01:19]} exd5 {[%clk 00:02:13]} 57. a6 {[%clk 00:19:53]} {[%emt 00:00:03]} b3
{[%clk 00:02:38]} {[%emt 00:00:06]} 58. a7 {[%clk 00:20:18]} {[%emt 00:00:05]}
b2 {[%clk 00:03:06]} {[%emt 00:00:02]} 59. a8=Q {[%clk 00:20:42]} {[%emt
00:00:05]} b1=Q {[%clk 00:03:32]} {[%emt 00:00:04]} 60. Qxd5 {[%clk 00:20:50]}
{[%emt 00:00:22]} Qf1 {[%clk 00:03:38]} {[%emt 00:00:24]} 61. e6 {[%clk
00:19:19]} {[%emt 00:02:00]} fxe6 {[%clk 00:04:00]} {[%emt 00:00:09]} 62. Qxe6
{[%clk 00:19:38]} {[%emt 00:00:11]} Qf6 {[%clk 00:03:07]} {[%emt 00:01:23]} 63.
Qe2 {[%clk 00:19:10]} {[%emt 00:00:57]} Qf5 {[%clk 00:03:24]} {[%emt 00:00:14]}
64. Qe3 {[%clk 00:19:12]} {[%emt 00:00:28]} Nc5 {[%clk 00:03:04]} {[%emt
00:00:51]} 65. Qe5 {[%clk 00:17:55]} {[%emt 00:01:47]} Qxe5 {[%clk 00:03:27]}
{[%emt 00:00:07]} 66. Bxe5 {[%clk 00:18:23]} Nd3 {[%clk 00:02:12]} {[%emt
00:01:45]} 67. Bd6 {[%clk 00:18:25]} {[%emt 00:00:27]} Nf2 {[%clk 00:02:32]}
{[%emt 00:00:11]} 68. Ba3 {[%clk 00:18:39]} {[%emt 00:00:16]} Ne4 {[%clk
00:00:52]} {[%emt 00:02:10]} 69. Bc1 {[%clk 00:18:32]} {[%emt 00:00:37]} Kg6
{[%clk 00:00:51]} {[%emt 00:00:31]} 70. g4 {[%clk 00:18:31]} {[%emt 00:00:31]}
Nc3 {[%clk 00:00:50]} {[%emt 00:00:32]} 71. h5+ {[%clk 00:18:27]} {[%emt
00:00:34]} Kh7 {[%clk 00:01:12]} {[%emt 00:00:08]} 72. Bb2 {[%clk 00:18:47]}
{[%emt 00:00:10]} Ne4 {[%clk 00:01:12]} {[%emt 00:00:29]} 73. Kh3 {[%clk
00:18:57]} {[%emt 00:00:20]} g6 {[%clk 00:01:27]} {[%emt 00:00:16]} 1/2-1/2

[Event "South Island Championships 2023"]
[Site "Oamaru, New Zealand"]
[Date "2023.09.27"]
[Round "2.4"]
[White "Cummings, Nick"]
[Black "Williams, Matt"]
[Result "1/2-1/2"]
[TimeControl "90 + 30"]
[WhiteFideId "4301218"]
[BlackFideId "4319575"]
[WhiteElo "2094"]
[BlackElo "1828"]

1. d4 {[%clk 01:30:42]} {[%emt 00:00:17]} d5 {[%clk 01:30:36]} {[%emt
00:00:25]} 2. Nf3 {[%clk 01:30:44]} {[%emt 00:00:28]} Nf6 {[%clk 01:30:48]}
{[%emt 00:00:17]} 3. e3 {[%clk 01:29:41]} {[%emt 00:01:34]} Bg4 {[%clk
01:30:27]} {[%emt 00:00:51]} 4. c4 {[%clk 01:29:42]} {[%emt 00:00:27]} e6
{[%clk 01:30:06]} {[%emt 00:00:52]} 5. Qb3 {[%clk 01:29:46]} {[%emt 00:00:26]}
Bxf3 {[%clk 01:29:24]} {[%emt 00:01:13]} 6. gxf3 {[%clk 01:18:29]} {[%emt
00:11:47]} b6 {[%clk 01:20:41]} {[%emt 00:09:14]} 7. Nc3 {[%clk 01:16:08]}
{[%emt 00:02:50]} c6 {[%clk 01:18:26]} {[%emt 00:02:46]} 8. Bd2 {[%clk
01:10:26]} {[%emt 00:06:11]} Be7 {[%clk 01:14:07]} {[%emt 00:04:49]} 9. Bd3
{[%clk 01:09:56]} {[%emt 00:00:59]} Nbd7 {[%clk 01:10:42]} {[%emt 00:03:56]} 10.
O-O {[%clk 01:05:40]} {[%emt 00:04:46]} O-O {[%clk 01:09:10]} {[%emt 00:02:02]}
11. cxd5 {[%clk 00:58:28]} {[%emt 00:07:42]} exd5 {[%clk 01:06:06]} {[%emt
00:03:35]} 12. e4 {[%clk 00:52:58]} {[%emt 00:05:59]} c5 {[%clk 01:03:24]}
{[%emt 00:03:12]} 13. Nxd5 {[%clk 00:49:21]} {[%emt 00:04:07]} cxd4 {[%clk
00:58:38]} {[%emt 00:05:17]} 14. Nxe7+ {[%clk 00:47:12]} {[%emt 00:02:39]} Qxe7
{[%clk 00:58:45]} {[%emt 00:00:16]} 15. Bb4 {[%clk 00:39:14]} {[%emt 00:08:34]}
Nc5 {[%clk 00:56:05]} {[%emt 00:03:10]} 16. Qd1 {[%clk 00:36:29]} {[%emt
00:03:14]} 1/2-1/2

[Event "South Island Championships 2023"]
[Site "Oamaru, New Zealand"]
[Date "2023.09.27"]
[Round "2.6"]
[White "Johnson, Quentin J F"]
[Black "Summers, Paul G"]
[Result "1-0"]
[TimeControl "90 + 30"]
[WhiteFideId "4301480"]
[BlackFideId "3232883"]
[WhiteElo "2089"]
[BlackElo "1799"]

1. d4 {[%clk 01:30:56]} {[%emt 00:00:04]} c5 {[%clk 01:30:58]} {[%emt
00:00:03]} 2. d5 {[%clk 01:31:21]} {[%emt 00:00:06]} b5 {[%clk 01:31:22]}
{[%emt 00:00:05]} 3. e4 {[%clk 01:30:51]} {[%emt 00:00:59]} a6 {[%clk
01:31:46]} {[%emt 00:00:07]} 4. c4 {[%clk 01:30:48]} {[%emt 00:00:33]} bxc4
{[%clk 01:32:07]} {[%emt 00:00:09]} 5. Bxc4 {[%clk 01:31:12]} {[%emt 00:00:06]}
d6 {[%clk 01:32:26]} {[%emt 00:00:11]} 6. Nc3 {[%clk 01:31:33]} {[%emt
00:00:09]} g6 {[%clk 01:32:39]} {[%emt 00:00:16]} 7. h3 {[%clk 01:24:55]}
{[%emt 00:07:08]} Bg7 {[%clk 01:32:35]} {[%emt 00:00:34]} 8. Nf3 {[%clk
01:25:20]} {[%emt 00:00:06]} Nd7 {[%clk 01:30:57]} {[%emt 00:02:08]} 9. O-O
{[%clk 01:25:17]} {[%emt 00:00:33]} Nb6 {[%clk 01:27:40]} {[%emt 00:03:46]} 10.
Nd2 {[%clk 01:24:14]} {[%emt 00:01:33]} Nh6 {[%clk 01:26:44]} {[%emt 00:01:27]}
11. f4 {[%clk 01:23:29]} {[%emt 00:01:15]} f5 {[%clk 01:26:03]} {[%emt
00:01:10]} 12. e5 {[%clk 01:22:31]} {[%emt 00:01:29]} dxe5 {[%clk 01:23:37]}
{[%emt 00:02:56]} 13. fxe5 {[%clk 01:22:56]} {[%emt 00:00:05]} Bxe5 {[%clk
01:22:47]} {[%emt 00:01:21]} 14. Nf3 {[%clk 01:19:58]} {[%emt 00:03:27]} Bg7
{[%clk 01:21:44]} {[%emt 00:01:33]} 15. Qd3 {[%clk 01:14:54]} {[%emt 00:05:33]}
Nf7 {[%clk 01:20:01]} {[%emt 00:02:14]} 16. Bf4 {[%clk 01:13:54]} {[%emt
00:01:29]} Nd6 {[%clk 01:17:55]} {[%emt 00:02:36]} 17. b3 {[%clk 01:14:08]}
{[%emt 00:00:17]} O-O {[%clk 01:14:36]} {[%emt 00:03:49]} 18. Rad1 {[%clk
01:12:51]} {[%emt 00:01:47]} h6 {[%clk 01:09:17]} {[%emt 00:05:49]} 19. Ne5
{[%clk 01:12:08]} {[%emt 00:01:13]} g5 {[%clk 01:06:36]} {[%emt 00:03:10]} 20.
Nc6 {[%clk 01:11:19]} {[%emt 00:01:19]} Qc7 {[%clk 01:04:05]} {[%emt 00:03:01]}
21. Be3 {[%clk 01:08:47]} {[%emt 00:03:02]} Nbxc4 {[%clk 00:56:45]} {[%emt
00:07:51]} 22. bxc4 {[%clk 01:08:55]} {[%emt 00:00:22]} Bxc3 {[%clk 00:51:05]}
{[%emt 00:06:09]} 23. Qxc3 {[%clk 01:09:16]} {[%emt 00:00:09]} Ne4 {[%clk
00:51:21]} {[%emt 00:00:15]} 24. Qa3 {[%clk 00:57:34]} {[%emt 00:12:12]} Qd6
{[%clk 00:50:36]} {[%emt 00:01:14]} 25. Rb1 {[%clk 00:57:51]} {[%emt 00:00:13]}
f4 {[%clk 00:48:42]} {[%emt 00:02:24]} 26. Bc1 {[%clk 00:58:10]} {[%emt
00:00:11]} e6 {[%clk 00:42:04]} {[%emt 00:07:09]} 27. Re1 {[%clk 00:55:45]}
{[%emt 00:02:55]} exd5 {[%clk 00:40:11]} {[%emt 00:02:23]} 28. cxd5 {[%clk
00:56:10]} {[%emt 00:00:05]} Re8 {[%clk 00:35:38]} {[%emt 00:05:03]} 29. Qd3
{[%clk 00:52:00]} {[%emt 00:04:39]} Bf5 {[%clk 00:34:58]} {[%emt 00:01:10]} 30.
Rb7 {[%clk 00:43:45]} {[%emt 00:08:45]} Rac8 {[%clk 00:29:46]} {[%emt
00:05:43]} 31. Bb2 {[%clk 00:37:35]} {[%emt 00:06:40]} Ng3 {[%clk 00:22:56]}
{[%emt 00:07:19]} 32. Qc3 {[%clk 00:36:57]} {[%emt 00:01:08]} Rxe1+ {[%clk
00:22:39]} {[%emt 00:00:47]} 33. Qxe1 {[%clk 00:37:23]} {[%emt 00:00:05]} f3
{[%clk 00:10:56]} {[%emt 00:12:14]} 34. Ne7+ {[%clk 00:32:56]} {[%emt
00:04:57]} Kf8 {[%clk 00:11:11]} {[%emt 00:00:14]} 35. Bg7+ {[%clk 00:33:07]}
{[%emt 00:00:19]} 1-0

[Event "South Island Championships 2023"]
[Site "Oamaru, New Zealand"]
[Date "2023.09.27"]
[Round "2.7"]
[White "Dolejs, Dan"]
[Black "Lee, Edward S"]
[Result "0-1"]
[TimeControl "90 + 30"]
[WhiteFideId "4301692"]
[BlackFideId "4303229"]
[WhiteElo "1800"]
[BlackElo "2088"]

1. e4 {[%clk 01:30:57]} {[%emt 00:00:02]} c6 {[%clk 01:30:53]} {[%emt
00:00:07]} 2. Nf3 {[%clk 01:30:52]} {[%emt 00:00:24]} d5 {[%clk 01:31:16]}
{[%emt 00:00:19]} 3. exd5 {[%clk 01:31:07]} {[%emt 00:00:14]} cxd5 {[%clk
01:31:34]} {[%emt 00:00:14]} 4. Bb5+ {[%clk 01:31:04]} {[%emt 00:00:33]} Bd7
{[%clk 01:31:09]} {[%emt 00:00:54]} 5. Bxd7+ {[%clk 01:31:10]} {[%emt
00:00:23]} Nxd7 {[%clk 01:31:02]} {[%emt 00:00:37]} 6. d4 {[%clk 01:31:08]}
{[%emt 00:00:32]} e6 {[%clk 01:30:30]} {[%emt 00:01:03]} 7. O-O {[%clk
01:31:09]} {[%emt 00:00:29]} Bd6 {[%clk 01:29:37]} {[%emt 00:01:23]} 8. Bg5
{[%clk 01:29:55]} {[%emt 00:01:43]} Qc7 {[%clk 01:28:09]} {[%emt 00:01:59]} 9.
Qe2 {[%clk 01:28:18]} {[%emt 00:02:06]} h6 {[%clk 01:26:06]} {[%emt 00:02:34]}
10. Bh4 {[%clk 01:28:19]} {[%emt 00:00:28]} Ne7 {[%clk 01:23:36]} {[%emt
00:03:00]} 11. Nc3 {[%clk 01:26:42]} {[%emt 00:02:07]} a6 {[%clk 01:16:57]}
{[%emt 00:07:10]} 12. Bg3 {[%clk 01:25:28]} {[%emt 00:01:44]} O-O {[%clk
01:14:44]} {[%emt 00:02:43]} 13. Bxd6 {[%clk 01:23:27]} {[%emt 00:02:31]} Qxd6
{[%clk 01:15:08]} {[%emt 00:00:07]} 14. a3 {[%clk 01:21:29]} {[%emt 00:02:28]}
Rac8 {[%clk 01:13:28]} {[%emt 00:02:09]} 15. g3 {[%clk 01:17:41]} {[%emt
00:04:18]} Qb6 {[%clk 01:09:20]} {[%emt 00:04:39]} 16. Rab1 {[%clk 01:14:44]}
{[%emt 00:03:26]} Nf5 {[%clk 01:06:12]} {[%emt 00:03:38]} 17. Rfd1 {[%clk
01:13:50]} {[%emt 00:01:24]} Rc4 {[%clk 01:04:52]} {[%emt 00:01:50]} 18. Ne5
{[%clk 01:11:41]} {[%emt 00:02:39]} Nxd4 {[%clk 00:55:42]} {[%emt 00:09:40]} 19.
Rxd4 {[%clk 01:08:13]} {[%emt 00:03:59]} Nxe5 {[%clk 00:55:46]} {[%emt
00:00:25]} 20. Qxe5 {[%clk 01:08:18]} {[%emt 00:00:25]} Qxd4 {[%clk 00:55:59]}
{[%emt 00:00:17]} 21. Qd6 {[%emt 00:01:17]} Qc5 {[%emt 00:04:52]} 22. Qe5
{[%clk 01:01:34]} {[%emt 00:01:04]} d4 {[%clk 00:55:40]} {[%emt 00:00:50]} 23.
Qxc5 {[%emt 00:00:22]} Rxc5 {[%emt 00:00:08]} 24. Ne2 {[%clk 01:01:19]} {[%emt
00:00:15]} e5 {[%clk 00:55:31]} {[%emt 00:00:39]} 25. f4 {[%clk 00:57:13]}
{[%emt 00:04:35]} Rxc2 {[%clk 00:55:43]} {[%emt 00:00:19]} 26. Kf1 {[%clk
00:56:52]} {[%emt 00:00:51]} d3 {[%clk 00:55:16]} {[%emt 00:00:58]} 0-1

[Event "South Island Championships 2023"]
[Site "Oamaru, New Zealand"]
[Date "2023.09.27"]
[Round "2.9"]
[White "Mayrhuber, Nikola"]
[Black "Familton, Gregory"]
[Result "1-0"]
[TimeControl "90 + 30"]
[WhiteFideId "1637819"]
[BlackFideId "4317190"]
[WhiteElo "2059"]
[BlackElo "1751"]

1. d4 {[%clk 01:30:57]} {[%emt 00:00:02]} Nf6 {[%emt 00:00:03]} 2. c4 {[%clk
01:31:22]} {[%emt 00:00:04]} e6 {[%clk 01:31:09]} {[%emt 00:00:19]} 3. Nc3
{[%clk 01:31:47]} {[%emt 00:00:05]} Bb4 {[%clk 01:31:33]} {[%emt 00:00:07]} 4.
e3 {[%clk 01:32:13]} {[%emt 00:00:04]} O-O {[%clk 01:31:46]} {[%emt 00:00:16]}
5. Nf3 {[%clk 01:32:33]} {[%emt 00:00:10]} b6 {[%clk 01:31:56]} {[%emt
00:00:21]} 6. Bd2 {[%clk 01:31:41]} {[%emt 00:01:22]} Bb7 {[%clk 01:32:14]}
{[%emt 00:00:11]} 7. Bd3 {[%clk 01:31:34]} {[%emt 00:00:38]} c5 {[%clk
01:26:08]} {[%emt 00:06:35]} 8. a3 {[%clk 01:25:58]} {[%emt 00:06:07]} cxd4
{[%clk 01:26:16]} {[%emt 00:00:22]} 9. axb4 {[%clk 01:26:21]} {[%emt 00:00:07]}
dxc3 {[%clk 01:26:35]} {[%emt 00:00:10]} 10. Bxc3 {[%clk 01:26:45]} {[%emt
00:00:06]} d5 {[%clk 01:22:05]} {[%emt 00:05:01]} 11. c5 {[%clk 01:11:57]}
{[%emt 00:15:18]} Nbd7 {[%clk 01:20:58]} {[%emt 00:01:37]} 12. Bd4 {[%clk
00:56:41]} {[%emt 00:15:46]} Re8 {[%clk 01:20:27]} {[%emt 00:01:00]} 13. Ne5
{[%clk 00:55:25]} {[%emt 00:01:46]} Nxe5 {[%clk 01:09:06]} {[%emt 00:11:51]} 14.
Bxe5 {[%clk 00:55:48]} {[%emt 00:00:07]} Nd7 {[%clk 01:07:17]} {[%emt
00:02:19]} 15. Bd6 {[%clk 00:52:00]} {[%emt 00:04:18]} a5 {[%clk 01:02:07]}
{[%emt 00:05:41]} 16. Bb5 {[%clk 00:45:23]} {[%emt 00:07:07]} Qc8 {[%clk
00:48:39]} {[%emt 00:13:57]} 17. cxb6 {[%clk 00:36:33]} {[%emt 00:09:20]} axb4
{[%clk 00:43:44]} {[%emt 00:05:25]} 18. Rc1 {[%clk 00:33:35]} {[%emt 00:03:28]}
Qd8 {[%clk 00:42:38]} {[%emt 00:01:36]} 19. Rc7 {[%clk 00:24:46]} {[%emt
00:09:20]} Nxb6 {[%clk 00:41:10]} {[%emt 00:01:58]} 20. Bxe8 {[%clk 00:24:14]}
{[%emt 00:01:01]} Qxd6 {[%clk 00:41:20]} {[%emt 00:00:20]} 21. Bxf7+ {[%clk
00:24:29]} {[%emt 00:00:15]} Kf8 {[%clk 00:39:46]} {[%emt 00:02:05]} 22. Rxb7
{[%clk 00:24:45]} {[%emt 00:00:14]} Qc6 {[%clk 00:38:16]} {[%emt 00:01:59]} 23.
Rxb6 {[%clk 00:24:50]} {[%emt 00:00:25]} Qxb6 {[%clk 00:38:36]} {[%emt
00:00:10]} 24. Bh5 {[%clk 00:25:07]} {[%emt 00:00:12]} b3 {[%clk 00:33:06]}
{[%emt 00:06:00]} 25. O-O {[%clk 00:24:54]} {[%emt 00:00:44]} Ra2 {[%clk
00:32:18]} {[%emt 00:01:18]} 26. Qf3+ {[%clk 00:25:06]} {[%emt 00:00:17]} 1-0